h1

h2

h3

h4

h5
h6
001027965 001__ 1027965
001027965 005__ 20260416163639.0
001027965 0247_ $$2datacite_doi$$a10.18154/RWTH-2026-01360
001027965 0247_ $$2doi$$a10.52825/glass-europe.v3i.2866
001027965 037__ $$aRWTH-2026-01360
001027965 041__ $$aEnglish
001027965 1001_ $$0P:(DE-82)838237$$aEngelmann, Pawel$$b0$$urwth
001027965 245__ $$aThermo-Optical Set-Up to Investigate Non-Isothermal Glass-Metal Contact$$honline
001027965 260__ $$aHannover$$bTIB Open Publishing$$c2025
001027965 3367_ $$00$$2EndNote$$aJournal Article
001027965 3367_ $$0PUB:(DE-HGF)16$$2PUB:(DE-HGF)$$aJournal Article$$bjournal$$mjournal
001027965 3367_ $$2BibTeX$$aARTICLE
001027965 3367_ $$2DRIVER$$aarticle
001027965 3367_ $$2DataCite$$aOutput Types/Journal article
001027965 3367_ $$2ORCID$$aJOURNAL_ARTICLE
001027965 588__ $$aDataset connected to CrossRef, Journals: publications.rwth-aachen.de
001027965 591__ $$aGermany
001027965 7001_ $$0P:(DE-82)IDM01506$$aRoos, Christian Hans-Georg$$b1$$urwth
001027965 773__ $$0PERI:(DE-600)3154384-4$$a10.52825/glass-europe.v3i.2866$$p195-202$$tGlass Europe : ge$$v3$$x2940-8830$$y2025
001027965 8564_ $$uhttps://publications.rwth-aachen.de/record/1027965/files/1027965.pdf$$yOpenAccess
001027965 909CO $$ooai:publications.rwth-aachen.de:1027965$$popenaire$$popen_access$$pdriver$$pdnbdelivery$$pVDB
001027965 9101_ $$0I:(DE-588b)36225-6$$6P:(DE-82)838237$$aRWTH Aachen$$b0$$kRWTH
001027965 9101_ $$0I:(DE-588b)36225-6$$6P:(DE-82)IDM01506$$aRWTH Aachen$$b1$$kRWTH
001027965 9141_ $$y2025
001027965 9151_ $$0StatID:(DE-HGF)0031$$2StatID$$aPeer reviewed article$$x0
001027965 915__ $$0LIC:(DE-HGF)CCBY4$$2HGFVOC$$aCreative Commons Attribution CC BY 4.0
001027965 915__ $$0StatID:(DE-HGF)0510$$2StatID$$aOpenAccess
001027965 9201_ $$0I:(DE-82)524210_20140620$$k524210$$lLehrstuhl für Glas und Glaskeramik$$x0
001027965 9201_ $$0I:(DE-82)520000_20140620$$k520000$$lFachgruppe Materialwissenschaft und Werkstofftechnik$$x1
001027965 961__ $$c2026-02-03T15:46:56.750946$$x2026-02-03T15:46:56.750946$$z2026-02-03T15:46:56.750946
001027965 9801_ $$aFullTexts
001027965 980__ $$aI:(DE-82)520000_20140620
001027965 980__ $$aI:(DE-82)524210_20140620
001027965 980__ $$aUNRESTRICTED
001027965 980__ $$aVDB
001027965 980__ $$ajournal